03157cam a22003015a 4500999001700000005001700017008004100034020001800075040004000093043001300133082002200146245007500168260004000243300003300283500014400316504005100460505073200511520117201243650001002415651006702425651004902492651006002541653002402601690004402625700004302669942000802712952013502720 c26872d2684420181016111052.0111121t2012 enka fr 001 0 eng d a9781849042093 aStDuBDSbengcStDuBDSdUkdEG-ScBUE aar----- 04a330.9536bPOL22204aThe political economy of the Persian Gulf /cedited by Mehran Kamrava. aLondon :bHurst & Company,cc.2012. axi, 284 p. :bill. ;c24 cm. a"Published in Collaboration with Center for International and Regional Studies School of Foreign Service in Qatar, Georgetown University."  aIncludes bibliographical references and index.0 aAbout the contributors -- Introduction / Mehran Kamrava -- Trends in the political economy of the Persian Gulf -- The Persian Gulf in the contemporary international economy / Fred H. Lawson -- The political economy of rentierism in the persian gulf / Mehran Kamrava -- Sovereign wealth funds of the Persian Gulf / Jean-François Seznec -- Knowledge based economies in the GCC / Kristian Coates Ulrichsen -- People, money, and banking in the Persian Gulf -- Separatism versus market driven Islamic banking : the experiences of Iran and the Arabian Peninsula compared / Rodney Wilson -- Population and human capital in the Persian Gulf / Djavad Salehi-Isfahani -- The Gulf cooperation council monetary union / Alexis Antoniades. aSome Persian Gulf states have capitalized on the quick pace of globalized fiscal transactions, transforming themselves into important markets for foreign investment. Others have fallen victim to such risky speculation. This has led the Gulf Cooperation Council (GCC) to reevaluate the integrity of the "Dubai Model" of economic diversification, as they search for an ideal method to organize their economies and compete within the global order. While exploring the greater dimensions that globalizing forces have brought to the political economies of Persian Gulf states, this book also considers recent changes instituted during and following the global economic crisis of 2008. While mutually beneficial rentier arrangements have guided the GCC countries' formation of oil-based economies and labor relations in the past, will this necessarily be true in the future? In addition to addressing this key concern, this volume confronts future demographic changes within GCC countries; the feasibility of establishing a GCC monetary union; the effects of rentierism on state autonomy; and the successes and failures of sovereign wealth funds and Islamic banking models. 2BUEsh 7aPersian Gulf RegionxEconomic conditionsy21st century.2BUEsh 7aPersian Gulf RegionxEconomic policy.2BUEsh 7aPersian Gulf RegionxForeign economic relations.2BUEsh bBUSBOLcOctober20187 aManagement and Business Studies2blcoll1 aKamrava, Mehran,d1964-eeditor.94826 2ddc 00102ddc40708MERICaMAINbMAINc1STd2018-10-10ePurchaseg274.15h000292l0o330.9536 POLp000043231r2025-07-15 00:00:00yBB